• 首页
  • 本馆介绍
  • 公告通知
  • 最新文献
  • 馆藏检索
  • 电子资源
  • 读者导购
  • 参考咨询
  • 我的图书馆
  • 登录
  • 详细信息显示
  • 放入我的书架
  • 预约/预借图书
  • 作者相关作品
  • 分类相关作品
  • 丛书相关作品
  • 出版社相关作品

书目信息

  • 表格格式
  • 工作单格式
  • 卡片格式
题名:
晶体管脉冲数字电路
    
 
作者: ;清华大学工业自动系 编
分册: 上册  
出版信息: 北京   科学出版社  1971
页数: 320页
开本: 19cm
丛书名:
单 册:
中图分类: TN78
科图分类:
主题词: 晶体管电路:数字电路:脉冲电路 , 脉冲电路:数字电路:晶体管电路 , 数字电路:晶体管电路:脉冲电路
电子资源:
ISBN:
000 00838nam0 2200241 45
001 0185020513
005 20070922145425.82
010    @dCNY0.65
100    @a19900921d1971 em y0chiy0121 ea
101 0  @achi
102    @aCN@b110000
105    @ay z 000yy
200 10 @a晶体管脉冲数字电路@Ajing ti guan mai chong shu zi dian lu@h上册@f清华大学电子工程系,清华大学工业自动系编@Fqing hua da xue dian zi gong cheng xi,qing hua da xue gong ye zi dong xi bian
210    @a北京@c科学出版社@d1971
215    @a320页@d19cm
606    @a晶体管电路:数字电路:脉冲电路
606    @a脉冲电路:数字电路:晶体管电路
606    @a数字电路:晶体管电路:脉冲电路
690    @aTN78@v3 
711  0 @a清华大学工业自动系@Aqing hua da xue gong ye zi dong xi@4编
801  0 @aCN@bTSSF@c20070922
801  2 @aCN@bNLC@c20070919
905    @a10447@dTN78@e2:1
    
    晶体管脉冲数字电路.上册/清华大学电子工程系,清华大学工业自动系编.-北京:科学出版社,1971
    320页;19cm
    
    
    ISBN :CNY0.65
    
●
相关链接 在E读中查询图书 在五车中查询图书 在当当中查询图书 在豆瓣中查询图书


正题名:晶体管脉冲数字电路     索取号:TN78/2:1         预约/预借

序号 登录号 条形码 馆藏地/架位号 状态 备注
1 0008676   202351533   密集书库/ [索取号:TN78/2:1] 在馆    
2 0009888   202288078   密集书库/ [索取号:TN78/2:1] 在馆    
3 0438079   204380794   密集书库/ [索取号:TN78/2:1] 在馆    
4 0609495   206094956   密集书库/ [索取号:TN78/2:1] 在馆    
唐山师范学院图书馆 欢迎您!
大连网信软件有限公司© 版权所有